Most Populous Countries in 1700 - Statistics

General Stats
  • This quiz has been taken 519 times
  • The average score is 16 of 22
Answer Stats
Population Country % Correct
210 m China
100%
24.5 m Spanish Empire
96%
21.4 m French Empire
95%
14.0 m Russia
95%
9.1 m British Empire
91%
24.7 m Ottoman Empire
91%
28.0 m Japan
90%
2.3 m Portuguese Empire
88%
1.7 m Dutch Empire
81%
9.9 m Habsburg Monarchy
81%
5.0 m Safavid Empire
78%
9.0 m Polish-Lithuanian Commonwealth
74%
2.5 m Swedish Empire
74%
12.2 m Joseon
73%
2.5 m Ayutthaya
66%
158 m Mughal Empire
63%
20.0 m Holy Roman Empire
60%
5.1 m Vietnam
55%
1.7 m Morocco
37%
2.0 m Venice
32%
1.6 m Cambodia
25%
3.0 m Nepal
18%
No matching quizzes found
Score Distribution
Percent of People with Each Score
Percentile by Number Answered
Your Score History
You have not taken this quiz